| 000 | 00529cam a22002174a 4500 | ||
|---|---|---|---|
| 005 | 20250605164333.0 | ||
| 008 | 250528s ||||||||||||||||||||||||d | ||
| 035 | _a23319 | ||
| 020 | _a9781405167673 | ||
| 040 |
_aGR-AtMCL _bgre _dGR-AtMCL _eAACR2 |
||
| 245 | 1 | _aClinical Psychology in Practice | |
| 250 | _a1st | ||
| 260 |
_bBlackwell, _c2009 |
||
| 300 | _a385 | ||
| 700 | 1 |
_aBeinart Helen _98731 |
|
| 700 | 1 |
_aKennedy Paul _98732 |
|
| 700 | 1 |
_aLlewelyn Susan _98733 |
|
| 942 | _cBK | ||
| 999 |
_c8345 _d8345 |
||